书目信息 |
| 书名: | A glossary of literature and composition | |
| 作者: | Arnold Lazarus, H. Wendell Smith. | |
| 分册号: | ||
| 分册名: | 出版地: | Urbana, Ill. : |
|
| 出版社: | National Council of Teachers of English | |
| 出版时间: | c1983. | |
| 页数: | vii, 326 p. ; | |
| 开本: | 23 cm. | |
| 丛书名: | ||
| 中图分类号: | ||
| 科图分类号: | ||
| 其他分类号: | H315-61 | |
| 主题词: | ||
| 电子资源: | ||
| 000 | 00976pam 2200301 a 45x0 | |
| 001 | E0737745396 | |
| 003 | OCoLC | |
| 005 | 20070301103515.46 | |
| 008 | 030407s1983 ilu bd 001 0 eng | |
| 010 | @a 83004053 | |
| 020 | @a0814118526. | |
| 040 | @aDLC@cDLC | |
| 043 | @ae-uk--- | |
| 050 | 00 | @aPE31@b.L28 1983 |
| 082 | 0 | @a803 @2 19 |
| 090 | @aK042/W14 | |
| 090 | @aH315-61 | |
| 099 | @dH315-61@ex25 | |
| 100 | 1 | @aLazarus, Arnold Leslie. |
| 245 | 12 | @aA glossary of literature and composition / @cArnold Lazarus, H. Wendell Smith. |
| 260 | @aUrbana, Ill. :@bNational Council of Teachers of English,@cc1983. | |
| 300 | @avii, 326 p. ;@c23 cm. | |
| 500 | @aOriginally published: New York : Grosset and Dunlap, 1971. | |
| 504 | @aIncludes bibliographical references and index. | |
| 650 | 0 | @aEnglish philology@xDictionaries. |
| 650 | 0 | @aLiterature@xDictionaries. |
| 700 | 1 | @aSmith, H. Wendell,@d1923- |
| 920 | @a232010@z2 | |
| A glossary of literature and composition / / Arnold Lazarus, H. Wendell Smith.-Urbana, Ill. : : National Council of Teachers of English, , c1983. |
| vii, 326 p. ; ; 23 cm. |
| Originally published: New York : Grosset and Dunlap, 1971.-Includes bibliographical references and index. |
| ISBN 0814118526. |
| ● |
| 相关链接 |
|
|
|
|
正题名:glossary of literature and composition
索取号:H315-61/x25
 
预约/预借
| 序号 | 登录号 | 条形码 | 馆藏地/架位号 | 状态 | 备注 |
| 1 | 182391 | 000983289 | 第二样本阅览室/ [索取号:H315-61/x25] | 在馆 | |
| 2 | 182392 | 000983243 | 第四借阅区/ [索取号:H315-61/x25] | 在馆 | |
| 3 | 182393 | 000983083 | 第四借阅区/ [索取号:H315-61/x25] | 在馆 |